| 000 | 00935nam a2200229 i 4500 | ||
|---|---|---|---|
| 001 | 156162 | ||
| 003 | ES-MaACL | ||
| 005 | 20250831115342.0 | ||
| 008 | 940202s1899 sp |||| | spa d | ||
| 040 |
_aCAM _bspa |
||
| 100 | 1 |
_aJackson Veyán, José. _965824 |
|
| 245 | 1 | 4 |
_aLos arrastraos _b: Sainete lirico en verso en un acto y tres cuadros / _clibro de José Jackson Veyán y José López Silva ; música del maestro Federico Chueca. |
| 250 | _a2ª ed. | ||
| 260 |
_aMadrid : _bSociedad de Autores españoles: Arregui y Anvej, _c1899. |
||
| 300 |
_a50 p. ; _c21 cm. |
||
| 490 | 1 | _aBiblioteca lirico-dramática y teatro cómico | |
| 700 | 1 | 1 |
_aLópez Silva, José, _d1861-1925 _973986 |
| 700 | 0 |
_aChueca, Federico, _d1846-1908 _938685 |
|
| 830 | 0 | 0 |
_aBiblioteca lirico-dramática y teatro cómico _9188056 |
| 852 |
_aES-MaACL _jF-4094(10) _z-- Enc. hol. _q-- Falto de la cub. original |
||
| 999 |
_c156162 _d156162 |
||